Sports Quiz

Random Sports Quiz

Money in the Bank Participants Quiz Stats

 Plays Quiz not verified by Sporcle

Score 0/164 Timer 14:00
0 Plays Today
Year Wrestler % Correct
2019 Women'sBayley
100%
2019 Women'sCarmella
100%
2019 Women'sNatalya
100%
2019 Men'sBrock Lesnar
100%
2019 Men'sAli
100%
2019 Men'sAndrade
100%
2019 Men'sBaron Corbin
100%
2019 Men'sDrew McIntyre
100%
2019 Men'sFinn Balor
100%
2019 Men'sRandy Orton
100%
2019 Men'sRicochet
100%
2014Dean Ambrose
98.6%
2014Jack Swagger
98.6%
2015Sheamus
98.4%
2015Roman Reigns
98.4%
2016Dean Ambrose
98.2%
2016Alberto Del Rio
98.2%
2005Kane
97.5%
2010 SDKane
97.5%
2009Kofi Kingston
97.2%
2017 Men'sBaron Corbin
97%
2017 Men'sDolph Ziggler
97%
2017 Women'sNatalya
97%
2017 Women'sCharlotte Flair
97%
2015Randy Orton
96.8%
2015Dolph Ziggler
96.8%
2005Edge
96.5%
2010 RawEdge
96.5%
2016Chris Jericho
96.4%
2013 WWECM Punk
96.2%
2012 WWEChris Jericho
96.1%
2010 WMMontavious Vontavious Porter
95.9%
2014Seth Rollins
95.8%
2014Rob Van Dam
95.8%
2007Finlay
95.6%
2012 WWEBig Show
95.3%
2013 WWERob Van Dam
95.3%
2015Kofi Kingston
95.2%
2011 SDSin Cara
95.2%
2012 WWEJohn Cena
94.5%
2018 Women'sAlexa Bliss
94.4%
2018 Women'sBecky Lynch
94.4%
2018 Women'sCharlotte Flair
94.4%
2018 Women'sNatalya
94.4%
2018 Men'sBraun Strowman
94.4%
2018 Men'sFinn Balor
94.4%
2018 Men'sKofi Kingston
94.4%
2018 Men'sThe Miz
94.4%
2014Dolph Ziggler
94.4%
2014Kofi Kingston
94.4%
2013 WWEChristian
94.3%
2013 WWEDaniel Bryan
94.3%
2013 WWERandy Orton
94.3%
2017 Men'sKevin Owens
93.9%
2017 Women'sTamina
93.9%
Year Wrestler % Correct
2006Matt Hardy
93.7%
2007Matt Hardy
93.7%
2010 WMMatt Hardy
93.7%
2013 WWESheamus
93.4%
2007CM Punk
93.4%
2007Edge
93.4%
2008CM Punk
93.4%
2009CM Punk
93.4%
2007Jeff Hardy
93%
2010 SDCody Rhodes
93%
2012 WWEKane
92.9%
2011 SDDaniel Bryan
92.7%
2016Cesaro
92.7%
2016Kevin Owens
92.7%
2010 RawChris Jericho
92.7%
2013 WHCody Rhodes
92.5%
2010 WMDolph Ziggler
92.4%
2010 SDKofi Kingston
92.4%
2011 RawAlberto Del Rio
92.1%
2011 RawThe Miz
92.1%
2005Christian
92.1%
2009Christian
92.1%
2012 WHDolph Ziggler
92.1%
2015Kane
92.1%
2005Chris Jericho
91.8%
2010 RawRandy Orton
91.8%
2012 WWEThe Miz
91.7%
2008Mr. Kennedy
91.5%
2012 WHDamien Sandow
91.3%
2011 RawEvan Bourne
90.9%
2016Sami Zayn
90.9%
2017 Men'sAJ Styles
90.9%
2017 Men'sSami Zayn
90.9%
2017 Women'sBecky Lynch
90.9%
2017 Women'sCarmella
90.9%
2010 RawThe Miz
90.8%
2013 WHDean Ambrose
90.6%
2011 SDCody Rhodes
90.3%
2011 SDWade Barrett
89.7%
2013 WHWade Barrett
89.6%
2013 WHDamien Sandow
89.6%
2011 RawRey Mysterio
89.1%
2005Shelton Benjamin
88.9%
2006Shelton Benjamin
88.9%
2009Mark Henry
88.9%
2010 WMShelton Benjamin
88.9%
2018 Women'sNaomi
88.9%
2018 Women'sSasha Banks
88.9%
2018 Men'sBobby Roode
88.9%
2018 Men'sKevin Owens
88.9%
2008John Morrison
88.6%
2010 SDDolph Ziggler
88%
2017 Men'sShinsuke Nakamura
87.9%
2013 WHJack Swagger
87.7%
2009Shelton Benjamin
87.7%
Year Wrestler % Correct
2010 WMChristian
87.7%
2010 SDBig Show
87.3%
2011 RawKofi Kingston
86.7%
2006Rob Van Dam
86.1%
2009Kane
86.1%
2011 RawAlex Riley
86.1%
2010 WMJack Swagger
85.8%
2012 WHTensai
85.7%
2008Shelton Benjamin
85.4%
2010 RawMark Henry
85.4%
2010 RawJohn Morrison
85.1%
2013 WHAntonio Cesaro
84.9%
2015Neville
84.1%
2011 SDHeath Slater
83.6%
2011 SDJustin Gabriel
83.6%
2012 WHTyson Kidd
83.5%
2019 Women'sEmber Moon
83.3%
2019 Women'sMandy Rose
83.3%
2019 Women'sNaomi
83.3%
2008Chris Jericho
82.3%
2007Mr. Kennedy
82%
2007Randy Orton
81.6%
2011 SDSheamus
81.2%
2006Finlay
80.7%
2009Finlay
80.7%
2011 SDKane
80.6%
2010 WMKofi Kingston
80.1%
2010 SDChristian
79.7%
2012 WHCody Rhodes
79.5%
2010 WMKane
79.1%
2010 RawEvan Bourne
78.8%
2018 Women'sLana
77.8%
2018 Men'sSamoa Joe
77.8%
2005Chris Benoit
77.2%
2010 SDDrew McIntyre
77.2%
2011 RawR-Truth
76.4%
2006Ric Flair
75.9%
2008Carlito
75.9%
2009Montavious Vontavious Porter
75.9%
2010 WMDrew McIntyre
75.6%
2012 WHChristian
75.6%
2010 SDMatt Hardy
74.7%
2010 WMEvan Bourne
73.1%
2018 Women'sEmber Moon
72.2%
2006Bobby Lashley
72.2%
2007King Booker
72.2%
2010 RawTed DiBiase
71.8%
2011 RawJack Swagger
69.7%
2008Montel Vontavious Porter
68.4%
2018 Men'sRusev
66.7%
2019 Women'sDana Brooke
66.7%
2019 Women'sNikki Cross
66.7%
2012 WHSantino Marella
66.1%
2013 WHFandango
62.3%

You're not logged in!

Compare scores with friends on all Sporcle quizzes.
OR
Log In

Show Comments

Extras

Created Oct 15, 2010ReportNominate

Top Quizzes Today


Score Distribution

Your Account Isn't Verified!

In order to create a playlist on Sporcle, you need to verify the email address you used during registration. Go to your Sporcle Settings to finish the process.

Report this User

Report this user for behavior that violates our Community Guidelines.

Details: